000 00604nam a2200253Ia 4500
005 20260121161139.0
008 008 260114s9999 xx 000 0 eng d
020 _a9781315665412
037 _aEBOOK
040 _aCRL
040 _beng
040 _cCRL
041 _2eng
041 _aeng
084 _qCRL
100 _a C. H. Waddington
_91040789
245 3 _aAn Introduction to Modern Genetics
260 _bTaylor and Francis
260 _c1950
856 _uhttp://www.taylorfrancis.com/books/9781315665412
942 _cEBOOK
999 _c1607605
_d1607605